| 000 | 00793cab a2200253 4500 | ||
|---|---|---|---|
| 001 | ABS57224 | ||
| 008 | 090401t1997 xxu||||| |||| 00| 0 eng d | ||
| 035 | _a(Sirsi) u98473 | ||
| 041 | _aeng | ||
| 100 | _aWaters, B. | ||
| 245 | _aWater as a planning constraint | ||
| 260 | _c1997 | ||
| 350 | _a0 | ||
| 490 |
_aArchitects` Journal _v205(21) 29 May 1997, 48-49(2) |
||
| 520 | _aA conference held at UNESCO on water, the city and urban planning found that with possible water shortages architects and planners may have to stimulate new design schemes and examples are commented on. | ||
| 650 | _aARCHITECTS | ||
| 650 | _aUNESCO | ||
| 650 | _aURBAN PLANNING | ||
| 650 | _aWATER CONSERVATION | ||
| 650 | _aWATER SHORTAGE | ||
| 690 | _aWATER | ||
| 942 | _n0 | ||
| 948 | _c12/06/1997 | ||
| 999 |
_c59858 _d59858 |
||